[Event "Challenge"]
[Site "http://www.queenalice.com/game.php?id=1627567"]
[Date "2020.9.20"]
[Round "-"]
[White "canasson2"]
[Black "rogers10"]
[Result "0-1"]
[WhiteElo "1176"]
[BlackElo "2004"]

1. e4 e6 2. Nc3 d5 3. d4 Nf6 4. e5 Nfd7 5. g3 c5 6. Be3 Qb6 7. Na4 Qc7 8. Bb5
Be7 9. Qg4 Qa5+ 10. Nc3 cxd4 11. Bxd4 O-O 12. Nf3 Nc6 13. Bxc6 bxc6 14. Be3 Kh8
15. O-O Ba6 16. Rfd1 Qc7 17. Bf4 Rab8 18. b3 Bb4 19. Rd3 Bxd3 20. cxd3 Bxc3 21.
Rc1 Bxe5 22. Qg5 Bxf4 23. gxf4 Qd8 24. Rxc6 Qxg5+ 25. fxg5 Rfc8 26. Nd4 Rxc6 27.
Nxc6 Rb6 28. Nxa7 Ra6 29. Nb5 Rxa2 30. Nd6 Kg8 31. b4 Ra6 32. Ne8 Rb6 33. h4
Rxb4 34. h5 Rd4 35. Nd6 Rxd3 36. f4 Kf8 37. f5 Ne5 38. fxe6 fxe6 39. h6 Rg3+ 40.
Kf2 Rxg5 41. hxg7+ Rxg7 42. Ke3 h5 43. Kd4 h4 44. Kxe5 h3 45. Kxe6 h2 46. Kxd5
h1=Q+ 47. Ke6 Qh5 48. Nf5 Rg6+ 49. Ke5 Rg5 50. Kf4 Rxf5+ 51. Ke4 Qf3+ 52. Kd4
Qg4+ 53. Ke3 Rf3+ 54. Ke2 Qg2+ 55. Ke1 Rf1# 0-1

[Event "Challenge"]
[Site "http://www.queenalice.com/game.php?id=1629135"]
[Date "2020.10.6"]
[Round "-"]
[White "rogers10"]
[Black "canasson2"]
[Result "1-0"]
[WhiteElo "2007"]
[BlackElo "1174"]

1. e4 c5 2. Nf3 d6 3. d4 cxd4 4. Nxd4 e5 5. Nb3 Nf6 6. Nc3 Be7 7. Bc4 Be6 8.
Bxe6 fxe6 9. O-O O-O 10. h3 d5 11. exd5 exd5 12. Qe2 Nc6 13. Bg5 d4 14. Ne4 Nxe4
15. Bxe7 Qxe7 16. Qxe4 Rf4 17. Qe2 Qh4 18. Rae1 Qg5 19. Qc4+ Kh8 20. Nc5 Qe7 21.
Nd3 Qf7 22. Qxf7 Rxf7 23. Nxe5 Nxe5 24. Rxe5 Rc8 25. Rfe1 h6 26. Re8+ Rf8 27.
Rxf8+ Rxf8 28. Re7 Rc8 29. Rxb7 Rxc2 30. Kf1 d3 31. Ke1 a5 32. Rb3 Rc1+ 33. Kd2
Rc2+ 34. Ke1 a4 35. Rxd3 Rxb2 36. Ra3 Rb4 37. Ke2 g5 38. g3 h5 39. Ke3 h4 40.
gxh4 Rxh4 41. Ke2 Re4+ 42. Kf3 Rh4 43. Kg3 Kg7 44. f3 Rc4 45. Re3 Rh4 46. Re4 a3
47. Rxh4 gxh4+ 48. Kxh4 Kg6 49. Kg4 Kh6 50. f4 Kg6 51. h4 Kh6 52. f5 Kg7 53. Kg5
Kf7 54. h5 Kg7 55. h6+ Kh7 56. Kf6 Kg8 57. Ke7 Kh7 58. f6 Kh8 59. f7 Kh7 60.
f8=Q Kg6 61. Qf4 Kh7 62. Qf6 Kg8 63. Qg7# 1-0